<?xml version="1.0" encoding="UTF-8"?>
<collection xmlns:xsi="http://www.w3.org/2001/XMLSchema-instance" xsi:schemaLocation="http://www.loc.gov/MARC21/slim http://www.loc.gov/standards/marcxml/schema/MARC21slim.xsd" xmlns="http://www.loc.gov/MARC21/slim">
 <record>
  <leader>00000nam a22000004a 4500</leader>
  <controlfield tag="001">UP-8027390931311272666</controlfield>
  <controlfield tag="003">Buklod</controlfield>
  <controlfield tag="005">20241011090740.0</controlfield>
  <controlfield tag="006">m    |o  d |      </controlfield>
  <controlfield tag="007">ta</controlfield>
  <controlfield tag="008">241010s2019    xxu     r    |||| u|eng d</controlfield>
  <datafield tag="040" ind1="0" ind2=" ">
   <subfield code="a">PHARM</subfield>
   <subfield code="e">rda</subfield>
  </datafield>
  <datafield tag="090" ind1="0" ind2="0">
   <subfield code="a">LG 993.5 2019 </subfield>
   <subfield code="b">O43</subfield>
  </datafield>
  <datafield tag="100" ind1="1" ind2=" ">
   <subfield code="a">Olaivar, Justine T.  </subfield>
   <subfield code="e">author </subfield>
  </datafield>
  <datafield tag="245" ind1="0" ind2="0">
   <subfield code="a">The in vitro determination of the inhibition potential of Lagundi( Vitex negundo L.) on the CYP3A4 metabolism of Azithromycin</subfield>
   <subfield code="c">Justine T. Olaivar,   Audrey Lynette O. Rojo,Takata, Kamille M. Bianca ; Ruamero, Edwin Jr. , Adviser.</subfield>
  </datafield>
  <datafield tag="264" ind1=" " ind2="0">
   <subfield code="a">Manila : </subfield>
   <subfield code="b">Department of Pharmacy, College of Pharmacy, University of the Philippines Manila</subfield>
   <subfield code="c">2019</subfield>
  </datafield>
  <datafield tag="300" ind1=" " ind2=" ">
   <subfield code="a">x, 93 leaves ; </subfield>
   <subfield code="c">29 cm. </subfield>
  </datafield>
  <datafield tag="336" ind1=" " ind2=" ">
   <subfield code="a">text</subfield>
   <subfield code="2">rdacontent</subfield>
  </datafield>
  <datafield tag="337" ind1=" " ind2=" ">
   <subfield code="a">unmediated</subfield>
   <subfield code="2">rdamedia</subfield>
  </datafield>
  <datafield tag="338" ind1=" " ind2=" ">
   <subfield code="a">volume</subfield>
   <subfield code="2">rdacarrier</subfield>
  </datafield>
  <datafield tag="502" ind1=" " ind2=" ">
   <subfield code="a">Thesis (Bachelor of Science in Pharmacy)--University of the Philippines Manila, June 2019</subfield>
  </datafield>
  <datafield tag="506" ind1="1" ind2=" ">
   <subfield code="a">Available only after consultation with author /thesis adviser  </subfield>
  </datafield>
  <datafield tag="506" ind1="1" ind2=" ">
   <subfield code="a">Available only to those bound by confidentiality agreement </subfield>
  </datafield>
  <datafield tag="520" ind1="3" ind2=" ">
   <subfield code="a">CYP450 play a major role in the metabolism and elimination of drugs and other xenobiotics from the body. It is responsible for many drug-drug and drug-food interactions. With this, it is important to also include herbal medications in the study of enzyme effects. With the increasing advancement and consumption of herbal products, there is an increasing threat of unknown metabolic effects to drugs concomitantly used with these products. Lagundi is one of the herbal products that have gained popularity in the past years. Today, there is no extensive study on the effects of lagundi to CYP450 enzymes, specifically CYP3A4. This in vivo interaction study between Azithromycin and Lagundi used rat liver microsomes isolated through calcium aggregation method. The CYP inhibition assay was done in a reaction mixture containing buffer, NADPH, microsomes, and the ketoconazole positive control or lagundi treatments. This was incubated at 37°C. High-Performance Liquid Chromatography (HPLC) was used to analyze the remaining azithromycin in the assay mixtureThe results also showed that even after extraction from the reaction mixture, there was still matrix effects that occurred. This is evidenced by the high percent yield of azithromycin. The different components of the matrix may have caused hydrolysis of azithromycin causing degradation. All the chromatograms showed similarities in peaks and increase in azithromycin. Therefore, it may be concluded that an initial screen of enzyme effects showed no inhibition of lagundi to CYP450. Although, further studies need to be done to strengthen the integrity of the results by eliminating matrix effects.</subfield>
  </datafield>
  <datafield tag="650" ind1="0" ind2="0">
   <subfield code="a">Lagundi </subfield>
   <subfield code="x">CYP3A4 metabolism </subfield>
   <subfield code="x">Azithromycin </subfield>
   <subfield code="x">In vitro determination.</subfield>
  </datafield>
  <datafield tag="650" ind1="0" ind2="0">
   <subfield code="a">Herbal medicine </subfield>
   <subfield code="x">Drug interactions </subfield>
   <subfield code="x">Cytochrome P-450 </subfield>
   <subfield code="x">Vitex negundo.</subfield>
  </datafield>
  <datafield tag="700" ind1="1" ind2=" ">
   <subfield code="a">Rojo, Audrey Lynette O.</subfield>
   <subfield code="e">author.</subfield>
  </datafield>
  <datafield tag="700" ind1="1" ind2=" ">
   <subfield code="a">Takata, Bianca Kamille M. </subfield>
   <subfield code="e">author.</subfield>
  </datafield>
  <datafield tag="700" ind1="1" ind2=" ">
   <subfield code="a">Ruamero, Edwin Jr. </subfield>
   <subfield code="e">adviser.</subfield>
  </datafield>
  <datafield tag="905" ind1=" " ind2=" ">
   <subfield code="a">FI</subfield>
  </datafield>
  <datafield tag="905" ind1=" " ind2=" ">
   <subfield code="a">UP</subfield>
  </datafield>
  <datafield tag="852" ind1="0" ind2=" ">
   <subfield code="a">UPMNL</subfield>
   <subfield code="b">PHARM</subfield>
   <subfield code="h">LG 993.5 2019</subfield>
   <subfield code="i">O43</subfield>
  </datafield>
  <datafield tag="942" ind1=" " ind2=" ">
   <subfield code="a">Thesis</subfield>
  </datafield>
 </record>
</collection>
